000 00344nam a22001217a 4500
999 _c153851
_d153851
082 _a
_b
100 _aRichard Maitland Bradfield
245 _aA natural history of associations (v.2):
_ba study in the meaning of community/
_cby Richard Maitland Bradfield.
260 _a
_bDuckworth,
_c1973.
300 _a596p.
650 _a
942 _cBK